K Skaushik: ondu nenapu (Record no. 215227)

MARC details
000 -LEADER
fixed length control field 00646nam a2200205Ia 4500
003 - CONTROL NUMBER IDENTIFIER
control field OSt
005 - DATE AND TIME OF LATEST TRANSACTION
control field 20251126155927.0
008 - FIXED-LENGTH DATA ELEMENTS--GENERAL INFORMATION
fixed length control field 210719s2010 xx 000 0 und d
040 ## - CATALOGING SOURCE
Transcribing agency AL
041 ## - LANGUAGE CODE
Language code of text/sound track or separate title Kannada
082 ## - DEWEY DECIMAL CLASSIFICATION NUMBER
Classification number 920.4K PRAK
100 ## - MAIN ENTRY--PERSONAL NAME
Personal name PRABHAKARA (T N) Ed
Dates associated with a name ಪ್ರಭಾಕರ (ಟಿ ಎನ್)
9 (RLIN) 246907
245 ## - TITLE STATEMENT
Title K Skaushik: ondu nenapu
Remainder of title ಕೆ ಎಸ್ ಕೌಶಿಕ್: ಒಂದು ನೆನಪು
260 ## - PUBLICATION, DISTRIBUTION, ETC.
Place of publication, distribution, etc. BengaLUru
Name of publisher, distributor, etc. Bharata Darshana Prakashana
Date of publication, distribution, etc. 2010
300 ## - PHYSICAL DESCRIPTION
Extent 132
650 ## - SUBJECT ADDED ENTRY--TOPICAL TERM
Topical term or geographic name entry element Biography
9 (RLIN) 246908
650 ## - SUBJECT ADDED ENTRY--TOPICAL TERM
Topical term or geographic name entry element Biography
9 (RLIN) 246908
906 ## - LOCAL DATA ELEMENT F, LDF (RLIN)
a es ; kaushik: ; Ke ; nenapu ; ondu
942 ## - ADDED ENTRY ELEMENTS (KOHA)
Source of classification or shelving scheme Dewey Decimal Classification
Koha item type Book
Holdings
Withdrawn status Lost status Source of classification or shelving scheme Damaged status Not for loan Collection code Home library Current library Date acquired Source of acquisition Total Checkouts Full call number Barcode Date last seen Price effective from Koha item type
    Dewey Decimal Classification     Kannada St Aloysius Library St Aloysius Library 07/15/2010 Ji En AshOkavardhana   920.4K PRAK D03844 07/19/2021 07/19/2021 Donated Books